000 00399cam a2200169ua 4500
020 _c7.35
041 _aeng
_h
082 _a823.308
_bARM/SE
100 _aArmstrong, Richard .
245 _aSea change /
_cRichard Armstrong.
_hTextual Documents
260 _a :
_bDent Pennant books ,
_c1962.
300 _a211 ; .
365 _a7.35
504 _a
942 _cBK
999 _c7780
_d7780